| 000 | 00665nam a2200241Ia 4500 | ||
|---|---|---|---|
| 003 | OSt | ||
| 005 | 20220928131218.0 | ||
| 006 | a|||||r|||| 00| 0 | ||
| 007 | ta | ||
| 008 | 220927b |||||||| |||| 00| 0 eng d | ||
| 024 | _a41518 | ||
| 037 | _cTextual | ||
| 040 |
_aSDCL _cSDCL _beng |
||
| 041 |
_2eng _aeng |
||
| 082 | _aX64.1'P, P4 | ||
| 100 |
_aMandelbrot Benoit B _9477437 |
||
| 245 | 0 | _a(Mis) Behaviour of markets. | |
| 260 |
_aLondon _bProfile books _c2004 |
||
| 300 |
_axxiv,328p _ccm. |
||
| 700 |
_a Hudson Richard L _9477438 |
||
| 942 |
_hX64.1'P, P4 _cTEXL _2CC |
||
| 999 |
_c789951 _d789951 |
||